[Event "Djakovo Open"]
[Site "Djakovo"]
[Date "1994.??.??"]
[Round "4"]
[White "Zelcic, Robert"]
[Black "Yandemirov, Valeri"]
[Result "1-0"]
[WhiteElo "2460"]
[BlackElo "2510"]
[PlyCount "91"]
[EventDate "1994.11.??"]
[Source "www.chesslib.no"]
[SourceDate "2004.05.04"]

1. e4 e5 2. Nf3 Nc6 3. Bc4 Nf6 4. Ng5 d5 5. exd5 Na5 6. Bb5+ c6 7. dxc6 bxc6 8. Be2 h6 9. Nf3 e4 10. Ne5 Bd6 11. f4 O-O 12. O-O Bxe5 13. fxe5 Qd4+ 14. Kh1 Qxe5 15. Nc3 Re8 16. d4 exd3 17. Qxd3 Nd5 18. Nxd5 cxd5 19. Bf3 Be6 20. Bd2 Nc4 21. Bc3 Qe3 22. Qd1 Qg5 23. Qd4 Nd6 24. Bd2 Qg6 25. Bf4 Nf5 26. Qf2 Rac8 27. Rac1 d4 28. Rfe1 Bxa2 29. b3 Ne3 30. Bxe3 dxe3 31. Rxe3 Rxe3 32. Qxe3 Qg5 33. Qxg5 hxg5 34. Rd1 Kf8 35. Be4 Re8 36. Bd3 Rd8 37. Kg1 a5 38. Kf2 a4 39. bxa4 Bc4 40. Ke3 Ke7 41. a5 f5 42. Ra1 f4+ 43. Kf2 Bd5 44. h3 Kd6 45. Rd1 Kc7 46. Be2 1-0

[Event "Women-Veterans"]
[Site "London"]
[Date "1996.??.??"]
[Round "8"]
[White "Arakhamia Grant, Ketevan"]
[Black "Smyslov, Vassily"]
[Result "1-0"]
[WhiteElo "2455"]
[BlackElo "2510"]
[PlyCount "65"]
[EventDate "1996.08.15"]
[Source "ChessBase"]

1. e4 e5 2. Nf3 Nc6 3. Bc4 Nf6 4. Ng5 d5 5. exd5 Na5 6. Bb5+ c6 7. dxc6 bxc6 8. Be2 h6 9. Nf3 e4 10. Ne5 Bd6 11. d4 exd3 12. Nxd3 Qc7 13. b3 O-O 14. Bb2 Ne4 15. Nc3 Nxc3 16. Bxc3 c5 17. h3 c4 18. Nb2 Be5 19. Qd2 Bxc3 20. Qxc3 Re8 21. Nd1 f5 22. Ne3 f4 23. Nd5 Qf7 24. Qxa5 f3 25. gxf3 Qxf3 26. O-O-O Rxe2 27. Rhg1 cxb3 28. axb3 Bf5 29. Nf6+ Kf7 30. Qc7+ Re7 31. Rxg7+ Kxg7 32. Qxe7+ Kh8 33. Rg1 1-0

[Event "Victor Ciocaltea mem"]
[Site "Bucharest ROM"]
[Date "2008.03.24"]
[Round "10"]
[White "Lupulescu, C."]
[Black "Chirila, I."]
[Result "1/2-1/2"]
[WhiteElo "2553"]
[BlackElo "2400"]
[PlyCount "91"]
[EventDate "2008.03.14"]
[Source "www.chesslib.no"]
[SourceDate "2004.05.04"]

1. e4 e5 2. Bc4 Nc6 3. Nf3 Nf6 4. Ng5 d5 5. exd5 Na5 6. Bb5+ c6 7. dxc6 bxc6 8. Be2 h6 9. Nh3 Be7 10. d3 O-O 11. Nc3 Qc7 12. O-O Rd8 13. Bf3 Rb8 14. Qe2 c5 15. b3 Nc6 16. Bxc6 Qxc6 17. f3 Bxh3 18. gxh3 Qd7 19. Kg2 Nh5 20. Qxe5 f5 21. Qe1 Bf6 22. Bd2 Re8 23. Qd1 Bxc3 24. Bxc3 Re2+ 25. Kh1 Rbe8 26. Re1 Nf4 27. Rxe2 Rxe2 28. Qf1 Rxc2 29. Be1 Qd5 30. Bg3 Ne6 31. Re1 f4 32. Bh4 g5 33. Bf2 Qxf3+ 34. Kg1 Kf7 35. a3 Qd5 36. b4 Nd4 37. Bxd4 Qxd4+ 38. Kh1 Qd5+ 39. Re4 Qa2 40. bxc5 Rxh2+ 41. Kg1 Rc2 42. Rxf4+ gxf4 43. Qxf4+ Kg8 44. Qb8+ Kh7 45. Qc7+ Kg6 46. Qg3+ 1/2-1/2

[Event "HUN-chT9899"]
[Site "HUN"]
[Date "1999.??.??"]
[Round "?"]
[White "Groszpeter, Attila"]
[Black "Hazai, Laszlo"]
[Result "1/2-1/2"]
[WhiteElo "2505"]
[BlackElo "2445"]
[PlyCount "41"]
[EventDate "1998.??.??"]
[Source "www.chesslib.no"]
[SourceDate "2004.05.04"]

1. e4 e5 2. Nf3 Nc6 3. Bc4 Nf6 4. Ng5 d5 5. exd5 Na5 6. Bb5+ c6 7. dxc6 bxc6 8. Be2 h6 9. Nf3 e4 10. Ne5 Bc5 11. c3 Bd6 12. f4 Qc7 13. O-O O-O 14. d4 exd3 15. Bxd3 Rd8 16. Qe2 Re8 17. b4 Nb7 18. Na3 Bg4 19. Qf2 Bxe5 20. fxe5 Qxe5 21. Bb2 1/2-1/2

[Event "4th Open A"]
[Site "Moscow RUS"]
[Date "2008.02.08"]
[Round "7"]
[White "Okara, A."]
[Black "Gasanov, E."]
[Result "1/2-1/2"]
[WhiteElo "2402"]
[BlackElo "2541"]
[PlyCount "31"]
[EventDate "2008.02.02"]
[Source "www.chesslib.no"]
[SourceDate "2004.05.04"]

1. e4 e5 2. Nf3 Nc6 3. Bc4 Nf6 4. Ng5 d5 5. exd5 Na5 6. Bb5+ c6 7. dxc6 bxc6 8. Be2 h6 9. Nf3 e4 10. Ne5 Bd6 11. d4 exd3 12. Nxd3 Qc7 13. b3 O-O 14. Bb2 Re8 15. h3 Qe7 16. Nc3 1/2-1/2

[Event "Open A"]
[Site "?"]
[Date "2005.07.25"]
[Round "4"]
[White "Ninov Nikolai"]
[Black "Klima Lukas"]
[Result "1/2-1/2"]
[WhiteElo "2493"]
[BlackElo "2446"]
[PlyCount "66"]
[EventDate "2005.??.??"]
[Source "www.chesslib.no"]
[SourceDate "2004.05.04"]

1. e4 e5 2. Nf3 Nc6 3. Bc4 Nf6 4. Ng5 d5 5. exd5 Na5 6. Bb5+ c6 7. dxc6 bxc6 8. Be2 h6 9. Nf3 e4 10. Ne5 Bd6 11. d4 exd3 12. Nxd3 Qc7 13. Nd2 O-O 14. b4 Nd5 15. Bb2 Nxb4 16. Nxb4 Bxb4 17. O-O Bf5 18. Bd3 Bxd3 19. cxd3 Rab8 20. Nf3 Rfd8 21. Qc2 Rb5 22. Rab1 Bf8 23. Bc3 Nb7 24. Bd4 Ra5 25. Rb3 Nc5 26. Rc3 Ne6 27. Rxc6 Nxd4 28. Nxd4 Qf4 29. Nf3 Qa4 30. d4 Qxa2 31. Qe4 Qd5 32. Qxd5 Raxd5 33. Ra6 Be7 1/2-1/2

[Event "Two Knights Defense Thematic (A), SEMI"]
[Site "?"]
[Date "1997.??.??"]
[Round "?"]
[White "Tirabassi, C."]
[Black "Villanueva, V."]
[Result "1-0"]
[WhiteElo "2655"]
[BlackElo "2280"]
[PlyCount "85"]
[EventDate "1997.??.??"]
[Source "www.chesslib.no"]
[SourceDate "2004.05.04"]

1. e4 e5 2. Nf3 Nc6 3. Bc4 Nf6 4. Ng5 d5 5. exd5 Na5 6. Bb5+ c6 7. dxc6 bxc6 8. Be2 h6 9. Nf3 e4 10. Ne5 Bd6 11. d4 Qc7 12. Bf4 Rb8 13. b3 O-O 14. Bg3 c5 15. O-O Rb7 16. c3 cxd4 17. cxd4 Be6 18. Nd2 Rd8 19. Rc1 Qb6 20. Ndc4 Nxc4 21. bxc4 Be7 22. c5 Qb2 23. Qc2 Rxd4 24. c6 Rb6 25. c7 Bc8 26. Nc6 Rd7 27. Nxa7 Qxc2 28. Rxc2 Bb7 29. c8=Q+ Bxc8 30. Nxc8 Rbb7 31. Ba6 Ba3 32. Bxb7 Rxb7 33. Bd6 Bxd6 34. Nxd6 Rd7 35. Rd2 Ra7 36. Ra1 g6 37. a4 Kg7 38. a5 Nd7 39. Nb5 e3 40. fxe3 Rb7 41. a6 Rxb5 42. Rxd7 Rb8 43. a7 1-0

[Event "Wrexham"]
[Site "Wrexham WLS"]
[Date "1995.??.??"]
[Round "5"]
[White "Howell, James C"]
[Black "Pein, Malcolm"]
[Result "1-0"]
[WhiteElo "2520"]
[BlackElo "2415"]
[PlyCount "111"]
[EventDate "1995.10.??"]
[Source "www.chesslib.no"]
[SourceDate "2004.05.04"]

1. e4 e5 2. Nf3 Nc6 3. Bc4 Nf6 4. Ng5 d5 5. exd5 Na5 6. Bb5+ c6 7. dxc6 bxc6 8. Be2 h6 9. Nf3 e4 10. Ne5 Bd6 11. d4 exd3 12. Nxd3 Qc7 13. b3 Bf5 14. Bb2 O-O 15. h3 Rfe8 16. O-O Ne4 17. Nc3 Rad8 18. Nxe4 Rxe4 19. Bf3 Re6 20. Bg4 Bxg4 21. Qxg4 Bf8 22. Rfe1 Rde8 23. Rxe6 Rxe6 24. Re1 Rxe1+ 25. Nxe1 Nb7 26. Nd3 Nd8 27. Qe4 Qd7 28. a4 Ne6 29. Ne5 Qd1+ 30. Kh2 Bd6 31. Qxc6 Qd2 32. Qe8+ Kh7 33. Qxf7 Nd4 34. Bxd4 Qxd4 35. Qf5+ Kh8 36. f4 Bc5 37. Qc8+ Kh7 38. Qf5+ Kh8 39. Nf3 Qf2 40. h4 a5 41. h5 Be3 42. Qe4 Bb6 43. Kh3 Qc5 44. Kg4 Qc8+ 45. Qf5 Qc6 46. g3 Qd6 47. Qf7 Qd8 48. Qe6 Bc5 49. c3 Bf2 50. b4 axb4 51. cxb4 Qd1 52. a5 Qf1 53. Qe8+ Kh7 54. b5 Qg2 55. Qe4+ Kh8 56. Qa8+ 1-0

[Event "Bundesliga 8586"]
[Site "Germany"]
[Date "1986.??.??"]
[Round "?"]
[White "Herbrechtsmeier, Christof"]
[Black "Spassky, Boris V"]
[Result "1/2-1/2"]
[WhiteElo "2330"]
[BlackElo "2590"]
[PlyCount "63"]
[EventDate "1985.10.??"]
[Source "ChessBase"]
[SourceDate "1999.07.01"]

1. e4 e5 2. Nf3 Nc6 3. Bc4 Nf6 4. Ng5 d5 5. exd5 Na5 6. Bb5+ c6 7. dxc6 bxc6 8. Be2 h6 9. Nf3 e4 10. Ne5 Bd6 11. d4 exd3 12. Nxd3 Qc7 13. b3 c5 14. Na3 Bd7 15. h3 O-O 16. O-O Rab8 17. Bd2 Be6 18. Nb2 Rbd8 19. Qe1 Nc6 20. Nac4 Bh2+ 21. Kh1 Rfe8 22. f4 Ne4 23. Kxh2 Bxc4 24. Nxc4 Nxd2 25. Nxd2 Nd4 26. Rf2 Nxe2 27. Rxe2 Qxf4+ 28. Kh1 Rxe2 29. Qxe2 Rxd2 30. Rf1 Rxe2 31. Rxf4 Rxc2 32. Ra4 1/2-1/2

[Event "Catalunya-Euzkadi tt"]
[Site "?"]
[Date "1986.??.??"]
[Round "2"]
[White "Illescas"]
[Black "Fernandez, JL."]
[Result "1-0"]
[WhiteElo "2465"]
[BlackElo "2455"]
[PlyCount "127"]
[EventDate "1986.??.??"]
[Source "www.chesslib.no"]
[SourceDate "2004.05.04"]

1. e4 e5 2. Nf3 Nc6 3. Bc4 Nf6 4. Ng5 d5 5. exd5 Na5 6. Bb5+ c6 7. dxc6 bxc6 8. Be2 h6 9. Nf3 e4 10. Ne5 Bd6 11. f4 exf3 12. Nxf3 O-O 13. d4 c5 14. O-O Re8 15. Nc3 cxd4 16. Qxd4 Nc6 17. Qh4 Rb8 18. a3 Ne7 19. Bd3 Qb6+ 20. Kh1 Ba6 21. Qd4 Bc5 22. Qa4 Bxd3 23. cxd3 Nf5 24. Bf4 Rbd8 25. Be5 Ne3 26. Bxf6 Qxf6 27. Rfe1 Re6 28. Qb5 Qg6 29. Re2 Bb6 30. d4 Nc2 31. Nh4 Qh7 32. Rxe6 fxe6 33. Qe5 Nxd4 34. Nb5 g5 35. Nxd4 Bxd4 36. Qxe6+ Qf7 37. Qxh6 Qf6 38. Ng6 Bxb2 39. Re1 Bc3 40. Rb1 Bb2 41. h4 Rd6 42. hxg5 Qxg6 43. Qxg6+ Rxg6 44. Rxb2 Ra6 45. Rb3 Kg7 46. Rg3 Kg6 47. Kg1 Rb6 48. Kf2 Rb2+ 49. Ke3 a5 50. Kd4 a4 51. Ke4 Rc2 52. Kd5 Rb2 53. Rg4 Kf5 54. Rxa4 Rxg2 55. Ra8 Rxg5 56. a4 Kf6+ 57. Kd6 Rg1 58. Rf8+ Kg7 59. Rf4 Rc1 60. a5 Ra1 61. Rf5 Kg6 62. Rb5 Kf6 63. Kc7 Ke6 64. Kb7 1-0

[Event "Skopje"]
[Site "Skopje"]
[Date "1976.??.??"]
[Round "2"]
[White "Nicevski, Risto"]
[Black "Matanovic, Aleksandar"]
[Result "1-0"]
[WhiteElo "2395"]
[BlackElo "2525"]
[PlyCount "115"]
[EventDate "1976.03.??"]
[Source "ChessBase"]

1. e4 e5 2. Nf3 Nc6 3. Bc4 Nf6 4. Ng5 d5 5. exd5 Na5 6. Bb5+ c6 7. dxc6 bxc6 8. Be2 h6 9. Nf3 e4 10. Ne5 Bd6 11. Ng4 O-O 12. Nc3 Qc7 13. Ne3 Re8 14. h3 Nb7 15. b3 Nc5 16. Bb2 Ne6 17. Bc4 Nf4 18. Ne2 N6h5 19. Ng3 Qa5 20. Nxh5 Qxh5 21. Qxh5 Nxh5 22. O-O-O Nf4 23. h4 Bc5 24. g3 Ng6 25. d4 exd3 26. Rxd3 Be6 27. Bxe6 Rxe6 28. Bd4 Ba3+ 29. Kd2 Rae8 30. Rd1 Ne5 31. Bxe5 Rxe5 32. c3 g5 33. hxg5 hxg5 34. Kc2 Bc5 35. Ng4 Re2+ 36. R1d2 Kg7 37. b4 Bb6 38. Ne3 Rxd2+ 39. Kxd2 a5 40. bxa5 Bc5 41. Nf5+ Kg6 42. Nd4 Ra8 43. Nxc6 Bxf2 44. g4 Ra6 45. Ne5+ Kg7 46. Rd5 f6 47. Nd3 Bg3 48. Nb4 Ra7 49. a6 Kf7 50. Rb5 Ke6 51. c4 Bf2 52. Ke2 Bg1 53. c5 Rc7 54. c6 Rc8 55. Kd3 Kd6 56. Kc4 Re8 57. Rd5+ Kc7 58. Rd7+ 1-0

[Event "NBC-30"]
[Site "?"]
[Date "1997.??.??"]
[Round "?"]
[White "Plomp, Michiel P. (NLD)"]
[Black "Boom, Wim H. (NLD)"]
[Result "1-0"]
[WhiteElo "2440"]
[BlackElo "2455"]
[PlyCount "101"]
[EventDate "1997.??.??"]
[Source "www.chesslib.no"]
[SourceDate "2004.05.04"]

1. e4 e5 2. Nf3 Nc6 3. Bc4 Nf6 4. Ng5 d5 5. exd5 Na5 6. Bb5+ c6 7. dxc6 bxc6 8. Be2 h6 9. Nf3 e4 10. Ne5 Bd6 11. f4 exf3 12. Nxf3 O-O 13. d4 c5 14. dxc5 Bxc5 15. Qxd8 Rxd8 16. Bd2 Bb6 17. Nc3 Ng4 18. h3 Ne3 19. Bxe3 Bxe3 20. Rd1 Be6 21. Rxd8+ Rxd8 22. Bd3 Nc4 23. Na4 Nd6 24. Ke2 Bf4 25. Kf2 Nf5 26. Bxf5 Bxf5 27. c4 f6 28. Re1 Kf7 29. Nc3 Bd6 30. Ne4 Bb4 31. Re3 Rc8 32. b3 Re8 33. Ng3 Bb1 34. Rxe8 Kxe8 35. Nf1 Bxa2 36. N1d2 f5 37. Ke3 g5 38. g4 f4+ 39. Kd3 a5 40. Kc2 Ba3 41. h4 gxh4 42. Nxh4 Bb4 43. Nhf3 Ba3 44. Ne5 Bc5 45. Ne4 Bb6 46. Nf3 Kf7 47. Nc3 Bxb3+ 48. Kxb3 Bc7 49. Ka4 Kf6 50. c5 Kf7 51. Nd5 1-0

[Event "BEL-ch"]
[Site "Charleroi"]
[Date "2001.07.13"]
[Round "7"]
[White "Winants, Luc"]
[Black "Dutreeuw, Marc"]
[Result "1/2-1/2"]
[WhiteElo "2497"]
[BlackElo "2390"]
[PlyCount "64"]
[EventDate "2001.07.07"]
[Source "ChessBase"]
[SourceDate "2001.09.11"]

1. e4 e5 2. Nf3 Nc6 3. Bc4 Nf6 4. Ng5 d5 5. exd5 Na5 6. Bb5+ c6 7. dxc6 bxc6 8. Be2 h6 9. Nf3 Bd6 10. d3 O-O 11. O-O Re8 12. Nc3 Nd5 13. Ne4 Bc7 14. c4 Ne7 15. Nc5 Nb7 16. Na6 Nd6 17. c5 Bb8 18. cxd6 Bxd6 19. Nc5 Bxc5 20. Nxe5 Bd4 21. Nc4 Nd5 22. Bg4 Bd7 23. Bf5 Be6 24. Be4 Bg4 25. Bf5 Bf3 26. Be4 Bxe4 27. dxe4 Rxe4 28. Qd3 Nf6 29. Be3 Bxe3 30. Qxd8+ Rxd8 31. Nxe3 Rd2 32. b3 Nd5 1/2-1/2

[Event "HUN-ch"]
[Site "Budapest"]
[Date "1971.??.??"]
[Round "3"]
[White "Sax, Gyula"]
[Black "Lengyel, Levente"]
[Result "0-1"]
[WhiteElo "2400"]
[BlackElo "2485"]
[PlyCount "96"]
[EventDate "1971.??.??"]
[Source "ChessBase"]

1. e4 e5 2. Nf3 Nc6 3. Bc4 Nf6 4. Ng5 d5 5. exd5 Na5 6. Bb5+ c6 7. dxc6 bxc6 8. Be2 h6 9. Nf3 e4 10. Ne5 Bd6 11. f4 exf3 12. Nxf3 O-O 13. O-O c5 14. Nc3 Nc6 15. d3 Bb7 16. Ne4 Nxe4 17. dxe4 Qc7 18. Bc4 Nd4 19. c3 Nxf3+ 20. Qxf3 Bxh2+ 21. Kh1 Rae8 22. Bd5 Bxd5 23. exd5 f5 24. Be3 Re4 25. Bf2 Bd6 26. Rae1 Qe7 27. Bg3 Re8 28. Rd1 Re3 29. Bxd6 Qh4+ 30. Kg1 Rxf3 31. Rxf3 Re1+ 32. Rf1 Rxf1+ 33. Rxf1 Qe4 34. Bxc5 Qxd5 35. Bxa7 g6 36. Bd4 Qxa2 37. b4 Qc4 38. Ra1 g5 39. Ra7 f4 40. Rg7+ Kf8 41. Rg6 Qe2 42. Rxh6 Qe1+ 43. Kh2 Qg3+ 44. Kg1 g4 45. Kf1 f3 46. gxf3 gxf3 47. Rh8+ Kf7 48. Bf2 Qd6 0-1

[Event "Lublin"]
[Site "Lublin"]
[Date "1974.??.??"]
[Round "5"]
[White "Estrin, Yacov"]
[Black "Lengyel, Levente"]
[Result "1/2-1/2"]
[WhiteElo "2450"]
[BlackElo "2420"]
[PlyCount "35"]
[EventDate "1974.??.??"]
[Source "ChessBase"]

1. e4 e5 2. Nf3 Nc6 3. Bc4 Nf6 4. Ng5 d5 5. exd5 Na5 6. Bb5+ c6 7. dxc6 bxc6 8. Be2 h6 9. Nf3 e4 10. Ne5 Bd6 11. f4 exf3 12. Nxf3 O-O 13. d4 Qc7 14. O-O c5 15. Nc3 a6 16. d5 Bb7 17. Kh1 Rad8 18. Be3 1/2-1/2

[Event "Cappelle op 16th"]
[Site "Cappelle la Grande"]
[Date "2000.02.20"]
[Round "2"]
[White "Sokolov, Andrei"]
[Black "Norris, Alan J"]
[Result "1-0"]
[WhiteElo "2565"]
[BlackElo "2301"]
[PlyCount "113"]
[EventDate "2000.02.19"]
[Source "ChessBase"]
[SourceDate "2000.03.10"]

1. e4 e5 2. Nf3 Nc6 3. Bc4 Nf6 4. Ng5 d5 5. exd5 Na5 6. Bb5+ c6 7. dxc6 bxc6 8. Be2 h6 9. Nf3 e4 10. Ne5 Bd6 11. d4 exd3 12. Nxd3 Qc7 13. h3 O-O 14. O-O c5 15. b3 c4 16. bxc4 Nxc4 17. Nd2 Be6 18. Nxc4 Bxc4 19. Bb2 Ne4 20. Bf3 f5 21. a4 Rad8 22. Ba3 Rfe8 23. Bxd6 Qxd6 24. Re1 Bxd3 25. Qxd3 Qxd3 26. cxd3 Rxd3 27. Rad1 Rxd1 28. Rxd1 Nc3 29. Rd4 Ne2+ 30. Bxe2 Rxe2 31. Rd7 Ra2 32. Rxa7 Kh7 33. g3 h5 34. h4 Kg6 35. Kg2 Ra3 36. Ra8 Kh7 37. a5 Kg6 38. a6 Kh7 39. f4 Kg6 40. Kf2 Kh7 41. Ke2 Rxg3 42. Rb8 Ra3 43. Rb6 Ra4 44. Ke3 Kg8 45. Kd3 Kh7 46. Kc3 Rxf4 47. Rb4 Rf1 48. Kb2 Rf2+ 49. Kb3 Rf3+ 50. Ka4 Rf1 51. Kb5 Ra1 52. Ra4 Rb1+ 53. Kc6 Rc1+ 54. Kd7 Rd1+ 55. Ke7 f4 56. a7 Re1+ 57. Kf7 1-0

[Event "CSR Ch"]
[Site "Brno CZE"]
[Date "1990.??.??"]
[Round "13"]
[White "Kolesar, Milan"]
[Black "Blatny, Pavel"]
[Result "1/2-1/2"]
[WhiteElo "2350"]
[BlackElo "2510"]
[PlyCount "87"]
[EventDate "1990.??.??"]
[Source "www.chesslib.no"]
[SourceDate "2004.05.04"]

1. e4 e5 2. Nf3 Nc6 3. Bc4 Nf6 4. Ng5 d5 5. exd5 Na5 6. Bb5+ c6 7. dxc6 bxc6 8. Be2 h6 9. Nf3 e4 10. Ne5 Bd6 11. f4 exf3 12. Nxf3 O-O 13. O-O Re8 14. d4 Ng4 15. Na3 Qe7 16. Nc4 Ba6 17. Nce5 Bxe2 18. Qxe2 f6 19. Bd2 fxe5 20. Bxa5 exd4 21. Qxe7 Rxe7 22. Nxd4 Bxh2+ 23. Kh1 Re4 24. Nf3 Bg3 25. Be1 Bc7 26. Bc3 Rae8 27. Rfe1 Ne3 28. Re2 Bb6 29. Rae1 g5 30. Bd4 Bxd4 31. Nxd4 c5 32. Nf3 g4 33. Nd2 R4e5 34. Nf1 Nc4 35. Rxe5 Rxe5 36. Rxe5 Nxe5 37. Kh2 h5 38. Kg3 Kg7 39. Kf4 Kf6 40. Ng3 Ng6+ 41. Ke3 Kg5 42. b3 Nf4 43. Ne4+ Kf5 44. Nd6+ 1/2-1/2

[Event "IND-ch 39th"]
[Site "Nagpur"]
[Date "2002.01.28"]
[Round "12"]
[White "Swathi, Ghate"]
[Black "Ganguly, Surya Shekhar"]
[Result "1-0"]
[WhiteElo "2362"]
[BlackElo "2498"]
[PlyCount "68"]
[EventDate "2002.01.16"]
[Source "ChessBase"]
[SourceDate "2002.03.14"]

1. e4 e5 2. Nf3 Nc6 3. Bc4 Nf6 4. Ng5 d5 5. exd5 Na5 6. Bb5+ c6 7. dxc6 bxc6 8. Be2 h6 9. Nf3 e4 10. Ne5 Bd6 11. d4 exd3 12. Nxd3 Qc7 13. b3 O-O 14. Bb2 Ne4 15. Nc3 f5 16. h3 Ba6 17. O-O Rad8 18. Qe1 c5 19. Nxe4 fxe4 20. Nf4 Bxe2 21. Nxe2 Rfe8 22. Rd1 Nc6 23. Qc3 Qf7 24. Ba1 Kh7 25. a3 Qg6 26. Qe3 Rf8 27. Ng3 Rde8 28. Rxd6 Qxd6 29. Nxe4 Qd5 30. f3 Nd4 31. Qd3 Kh8 32. b4 Qa2 33. bxc5 Ne6 34. Nd6 Nf4 1-0

[Event "Copenhagen Open"]
[Site "Copenhagen DEN"]
[Date "1985.??.??"]
[Round "7"]
[White "Stein, Bernd"]
[Black "Hebden, Mark L"]
[Result "1/2-1/2"]
[WhiteElo "2380"]
[BlackElo "2480"]
[PlyCount "78"]
[EventDate "1985.06.??"]
[Source "www.chesslib.no"]
[SourceDate "2004.05.04"]

1. e4 e5 2. Nf3 Nc6 3. Bc4 Nf6 4. Ng5 d5 5. exd5 Na5 6. Bb5+ c6 7. dxc6 bxc6 8. Be2 h6 9. Nf3 e4 10. Ne5 Bd6 11. f4 exf3 12. Nxf3 O-O 13. O-O c5 14. Nc3 Re8 15. d3 Rb8 16. a3 Qc7 17. Kh1 Qe7 18. Qe1 Nc6 19. Bd1 Qd8 20. Qh4 Ne7 21. Ne4 Nxe4 22. dxe4 Qb6 23. e5 Ng6 24. Qf2 Bxe5 25. Nxe5 Nxe5 26. b3 Ba6 27. c4 Bb7 28. Bc2 Qe6 29. Bf4 Ng4 30. Qg3 Rbd8 31. Rae1 Qc8 32. Kg1 Rxe1 33. Rxe1 Re8 34. h3 Rxe1+ 35. Qxe1 Nf6 36. Qe7 Qc6 37. Qd8+ Ne8 38. Qd5 Qb6 39. Qe5 Qc6 1/2-1/2

[Event "TSGM March"]
[Site "Subotica"]
[Date "2003.03.24"]
[Round "2"]
[White "Pilgaard, Kim"]
[Black "Pap, Misa"]
[Result "1-0"]
[WhiteElo "2437"]
[BlackElo "2407"]
[PlyCount "105"]
[EventDate "2003.03.23"]
[Source "Roberto Alvarez"]
[SourceDate "2003.04.07"]

1. e4 e5 2. Nf3 Nc6 3. Bc4 Nf6 4. Ng5 d5 5. exd5 Na5 6. Bb5+ c6 7. dxc6 bxc6 8. Be2 h6 9. Nf3 e4 10. Ne5 Bd6 11. d4 exd3 12. Nxd3 Qc7 13. b3 O-O 14. Bb2 Ne4 15. h3 c5 16. c4 Bf5 17. O-O Rad8 18. Na3 a6 19. Qe1 Nc6 20. Nc2 Ng5 21. Qc3 f6 22. Rfd1 Rfe8 23. Ne3 Nd4 24. Bf1 Nxh3+ 25. gxh3 Be4 26. Ng2 Bxg2 27. Kxg2 Qc6+ 28. Kg1 Nf3+ 29. Kh1 Nh4+ 30. Kg1 Nf3+ 31. Kh1 Nh4+ 32. Kg1 Re2 33. Nf4 Nf3+ 34. Qxf3 Qxf3 35. Nxe2 Kh7 36. Rd5 Bc7 37. Rxd8 Bxd8 38. Ng3 h5 39. Bg2 Qf4 40. Rd1 Bc7 41. Nxh5 Qf5 42. Bxf6 Qxh5 43. Rd7 Be5 44. Rxg7+ Kh6 45. Be4 Qd1+ 46. Kg2 Bxf6 47. Rg6+ Kh5 48. Rxf6 Qd4 49. Bf3+ Kh4 50. Rf5 Qg7+ 51. Bg4 Qb7+ 52. Kg1 Qg2+ 53. Kxg2 1-0

[Event "Golden Cleopatra"]
[Site "Cairo"]
[Date "1998.??.??"]
[Round "6"]
[White "Sax, Gyula"]
[Black "Labib, Ibrahim Hasan"]
[Result "1-0"]
[WhiteElo "2535"]
[BlackElo "2305"]
[PlyCount "95"]
[EventDate "1998.??.??"]
[Source "www.chesslib.no"]
[SourceDate "2004.05.04"]

1. e4 e5 2. Nf3 Nc6 3. Bc4 Nf6 4. Ng5 d5 5. exd5 Na5 6. Bb5+ c6 7. dxc6 bxc6 8. Be2 h6 9. Nf3 e4 10. Ne5 Bd6 11. d4 exd3 12. Nxd3 Qc7 13. b3 O-O 14. Bb2 Ne4 15. Nd2 Bf5 16. Nxe4 Bxe4 17. Bf3 f5 18. g3 c5 19. Bxe4 Rae8 20. O-O fxe4 21. Ne1 Nc6 22. Qd5+ Kh8 23. Rd1 Be5 24. Ba3 Nb4 25. Qc4 Qa5 26. Bc1 Nxa2 27. Be3 Nc3 28. Rd7 Bd4 29. Ng2 Rd8 30. Nf4 Qb6 31. Rxd8 Rxd8 32. Ne6 Rd5 33. Bxd4 Rxd4 34. Nxd4 cxd4 35. Ra1 a5 36. Qc8+ Kh7 37. Qf5+ Qg6 38. Qxg6+ Kxg6 39. Rxa5 d3 40. cxd3 exd3 41. Ra6+ Kf5 42. Rd6 Ke4 43. Kf1 Nb5 44. Rb6 Nd4 45. Ke1 Nf3+ 46. Kd1 Nxh2 47. Rg6 h5 48. Rxg7 1-0

[Event "14th open"]
[Site "Seefeld"]
[Date "2003.09.15"]
[Round "3"]
[White "Sax, Gyula"]
[Black "Pilz, Dieter"]
[Result "1-0"]
[WhiteElo "2521"]
[BlackElo "2312"]
[PlyCount "93"]
[EventDate "2003.09.13"]
[Source "Roberto Alvarez"]
[SourceDate "2004.02.16"]

1. e4 e5 2. Nf3 Nc6 3. Bc4 Nf6 4. Ng5 d5 5. exd5 Na5 6. Bb5+ c6 7. dxc6 bxc6 8. Be2 h6 9. Nf3 e4 10. Ne5 Qd4 11. f4 Bc5 12. Rf1 Bb6 13. c3 Qd6 14. d4 exd3 15. Qxd3 Qc7 16. Qf3 Bd7 17. Nd2 O-O 18. b4 Nb7 19. Ndc4 Nd6 20. Nxb6 axb6 21. Nxd7 Qxd7 22. Kf2 Rfe8 23. Kg1 b5 24. Bd3 Nde4 25. Bc2 c5 26. bxc5 Qc7 27. Be3 Nxc3 28. Kh1 Rad8 29. Bg1 Ne2 30. Bf2 Nd4 31. Qc3 Nxc2 32. Qxc2 Ne4 33. Be3 Qc6 34. f5 Nd2 35. Rfe1 Ne4 36. Rac1 Rd5 37. f6 Nxf6 38. Bg1 Red8 39. Re2 Nd7 40. Qe4 Nb8 41. Qf3 Rd3 42. Qg4 Na6 43. Re7 Nc7 44. Qf4 Ne8 45. Qxf7+ Kh7 46. Re6 Qd7 47. Qg6+ 1-0

[Event "Olimpiadi 2008 - open"]
[Site "Dresda GER"]
[Date "2008.11.25"]
[Round "11"]
[White "Teerapabpaisit, W."]
[Black "Abdulla, AlR"]
[Result "0-1"]
[WhiteElo "2306"]
[BlackElo "2522"]
[PlyCount "72"]
[EventDate "2008.11.13"]
[Source "www.chesslib.no"]
[SourceDate "2004.05.04"]

1. e4 e5 2. Nf3 Nc6 3. Bc4 Nf6 4. Ng5 d5 5. exd5 Na5 6. Bb5+ c6 7. dxc6 bxc6 8. Be2 h6 9. Nf3 e4 10. Ne5 Bc5 11. c3 Bd6 12. d4 exd3 13. Nxd3 Qc7 14. h3 O-O 15. O-O Bf5 16. Nb4 Rad8 17. Qa4 c5 18. Nc2 Rfe8 19. Ne3 Bd7 20. Qc2 Nc6 21. Na3 Ne4 22. Nac4 Bh2+ 23. Kh1 Bc8 24. Bf3 Ng5 25. Bxc6 Qxc6 26. Kxh2 Nf3+ 27. Kg3 Qc7+ 28. Kxf3 Bb7+ 29. Ke2 Be4 30. Qa4 Bd3+ 31. Ke1 Qh2 32. Nd6 Qxd6 33. Rh1 f5 34. g3 Be4 35. Rg1 Bf3 36. Qc4+ Kh8 0-1

[Event "Corr"]
[Site "?"]
[Date "2000.??.??"]
[Round "?"]
[White "Kovari Emil"]
[Black "Eiben Pavel"]
[Result "1/2-1/2"]
[WhiteElo "2376"]
[BlackElo "2442"]
[PlyCount "106"]
[EventDate "2000.??.??"]
[Source "www.chesslib.no"]
[SourceDate "2004.05.04"]

1. e4 e5 2. Nf3 Nc6 3. Bc4 Nf6 4. Ng5 d5 5. exd5 Na5 6. Bb5+ c6 7. dxc6 bxc6 8. Be2 h6 9. Nf3 e4 10. Ne5 Bd6 11. d4 exd3 12. Nxd3 Qc7 13. h3 O-O 14. O-O Bf5 15. Nd2 Rfe8 16. Re1 Rad8 17. Bf3 Rxe1+ 18. Qxe1 c5 19. Nf1 Nc6 20. Bxc6 Qxc6 21. Qa5 Rd7 22. Be3 Nd5 23. a3 Rb7 24. Qd2 c4 25. Nb4 Nxb4 26. axb4 Bxb4 27. Qd8+ Kh7 28. Rxa7 Rxa7 29. Bxa7 Bxc2 30. Ne3 Bd3 31. Qd5 Qxd5 32. Nxd5 Bd6 33. Bd4 f5 34. h4 g5 35. h5 Kg8 36. g3 Kf7 37. Nc3 f4 38. Kg2 Bf5 39. gxf4 Bxf4 40. f3 Bd6 41. Kf2 Bd7 42. Nd5 Bf8 43. Ne3 Be8 44. Kg3 Ke6 45. Kg4 Kd6 46. Bc3 Kc5 47. Be5 Bf7 48. Bc3 Be6+ 49. Kg3 Bd6+ 50. Kf2 Bf7 51. Ng4 Bxh5 52. Nxh6 Bf4 53. Nf5 Bg6 1/2-1/2

[Event "JUG Team Ch"]
[Site "Nis YUG"]
[Date "1994.??.??"]
[Round "?"]
[White "Tosic, Miroslav"]
[Black "Maksimovic, Branimir"]
[Result "1/2-1/2"]
[WhiteElo "2445"]
[BlackElo "2370"]
[PlyCount "21"]
[EventDate "1994.10.??"]
[Source "www.chesslib.no"]
[SourceDate "2004.05.04"]

1. e4 e5 2. Nf3 Nc6 3. Bc4 Nf6 4. Ng5 d5 5. exd5 Na5 6. Bb5+ c6 7. dxc6 bxc6 8. Be2 h6 9. Nf3 e4 10. Ne5 Bd6 11. d4 1/2-1/2